ბათუმის შოთა რუსთაველის სახელმწიფო უნივერსიტეტის ბიბლიოთეკა

მითი და რეალობა "დათა თუთაშხიაში / (ბიბ.ჩანაწერი № 55944)

000 -ლიდერი
ფიქსირებული სიგრძის საკონტროლო ველი 01247nam a2200253Ia 4500
001 - საკონტროლო ნომერი
საკონტროლო ველი 23043
003 - საკონტროლო ნომრის იდენტიფიკატორი
საკონტროლო ველი GE_BSU
005 - ბოლო ოპერაციის თარიღი და დრო
საკონტროლო ველი 20230616124224.0
008 - ფიქსირებული სიგრძის მონაცემთა ელემენტები - ზოგადი ინფორმაცია
ფიქსირებული სიგრძის საკონტროლო ველი 181216s1996||||ge |||||||||||||| ||geo||
040 ## - კატალოგიზაციის წყარო
Transcribing agency GE_BSU
041 ## - ენის კოდი
Language code of text/sound track or separate title geo
080 ## - უნივერსალური ათობითი კლასიფიკაციის ინდექსი
Universal Decimal Classification number 821.353.1(092ამირეჯიბი, ჭ.) მ-44
100 ## - მთავარი ჩანაწერი - პიროვნების სახელი
Personal name მახაჭაძე, შორენა
9 (RLIN) 3197
245 ## - ცნობა სათაურის შესახებ
Title მითი და რეალობა "დათა თუთაშხიაში /
Statement of responsibility, etc შორენა მახაჭაძე ; რედ. გურამ გვერდწითელი ; მხატვ. ჯ. ზენაიშვილი.
264 ## - წარმოების, გამოცემის, დისტრიბუციის და სხვა ცნობები
გამოცემის, წარმოების, დისტრიბუციის... ადგილი თბილისი :
გამოცემის, წარმოების, დისტრიბუციის... სახელწოდება [?],
გამოცემის, წარმოების, დისტრიბუციის... თარიღი 1996
300 ## - ფიზიკური აღწერა
Extent 160გვ. ;
Dimensions 16სმ..
500 ## - ზოგადი შენიშვნა
General note კომენტარები : გვ. 146-158
653 ## - INDEX TERM--UNCONTROLLED
Uncontrolled term მითი და რეალობა "დათა თუთაშხიაში
653 ## - INDEX TERM--UNCONTROLLED
Uncontrolled term ქართული ლიტერატურის ისტორია და კრიტიკა
700 ## - ADDED ENTRY--PERSONAL NAME
Personal name გვერდწითელი, გურამ
Relator term რედაქტორი
9 (RLIN) 3781
700 ## - ADDED ENTRY--PERSONAL NAME
Personal name ზენაიშვილი, ჯ.
Relator term მხატვარი
9 (RLIN) 18772
942 ## - ADDED ENTRY ELEMENTS (KOHA)
Koha item type წიგნი
Source of classification or shelving scheme
ეგზემპლარები
ჩამოწერის სტატუსი დაკარგული ეგზემპლარის სტატუსი კლასიფიკაციის წყარო ან თაროზე გაწყობის სქემა დაზიანების სტატუსი არ გაიცემა მუდმივი მდებარეობა (დაცვის ადგილი) ამჟამინდელი ადგილსამყოფელი თაროზე განთავსების ადგილი შეძენის თარიღი ღირებულება, შესყიდვის ნორმალური ფასი სრული შენახვის შიფრი შტრიხკოდი ბოლო ოპერაციის თარიღი ეგზემპლარის მიმდევრობითი ნომერი (კეტერი?) ფასის ძალაში შესვლის თარიღი ეგზემპლარის სახეობა საჯარო შენიშვნა
          ბათუმის შოთა რუსთაველის სახელმწიფო უნივერსიტეტის მთავარი ბიბლიოთეკა ბათუმის შოთა რუსთაველის სახელმწიფო უნივერსიტეტის მთავარი ბიბლიოთეკა წიგნსაცავი 2018-12-17 3.00 821.353.1(092ამირეჯიბი, ჭ.) მ-44 58417 2018-12-17 58417 2018-12-17 წიგნი 3.00 ₾.